000 00564nam a2200193Ia 4500
005 20250326141915.0
008 250326s9999 xx 000 0 und d
020 _a81-85617-17-1
037 _aTextbook
040 _aFMSL
_beng
_cFMSL
041 _aeng
_2eng
084 _aX:28 N2
_qFMSL
100 _aSlack Nigel
_9731475
245 0 _aManufacturing advantage: achieving competitive manufacturing operations
_cSlack Nigel
260 _aNew Delhi
_bNew Delhi, Viva
_c1992
300 _aix,214
942 _cTB
_hX:28 N2
999 _c1292555
_d1292555